01402nab a22002417a 4500003000400000005001700004008004100021040000700062100003200069245008300101260007200184300001300256500003500269505039300304505014400697505008900841650001800930650002200948650001400970650002800984650002401012773012401036OSt20251215122038.0190502c xxu||||| |||| 00| 0 spa d cPJ aFounburg, Mariano Nicolás10aSiniestros de tránsito con resultados dolosos /cMariano Nicolás Founburg. aCiudad Autónoma de Buenos Aires :bThomson Reuters La Ley,c2025. ap. 23-31 aCita Online: AR/DOC/2646/2025. aSumario: I. Reseña del caso.— II. Dolo eventual o culpa consciente. ¿Cómo distinguirlos?— III. El dolo en el Cód. Penal argentino.— IV. El rol del elemento volitivo en el caso "V.".— V. Consideraciones sobre el fallo del Tribunal Oral. — VI. Consideraciones sobre la solución final.— VII. La conducción antirreglamentaria en nuestro país y la ley penal aplicable. aFallo comentado: CNCasCrim. y Correc., sala I ~ 14/03/2023 ~ S.,S. y otros c. V., E. D. y otro s/ homicidio simple y lesiones gravísimas. t¿Te interesa el texto completo? Solicitalo al correo: koha@justierradelfuego.gov.ar 0aDERECHO PENAL 0aHOMICIDIO CULPOSO 0aLESIONES  0aACCIDENTE DE TRÁNSITO 0aEXCESO DE VELOCIDAD0 02729dBuenos Aires : LexisNexis, 2006-tRevista de derecho penal y procesal penal. Nº 12 - Diciembre 2025z9875920622